| 000 | | | 03793nmc2a22000003x 450 |
| 001 | | | af2f6a2c-8118-476d-8adc-0f34116dfd6a |
| 005 | | | 20181224215208.0 |
| 100 | ## | $a | 20170626l18461854k l0rusy0189 ca |
| 101 | 0# | $a | rus |
| 102 | ## | $a | RU |
| 200 | 1# | $a | Дело о службе состоявшей при санкт-петербургских театрах, уволенной хористки оперной труппы Елизаветы Мишевой |
| | $j | 12 ноября 1846 г. - 1 октября 1854 г. |
| 251 | ## | $c | Дело |
| 300 | ## | $a | По Санкт-Петербургской дирекции за 1846 год |
| 300 | ## | $a | Дело |
| 801 | #0 | $a | RU |
| | $b | РГИА |
| | $c | 20170626 |
| | $g | RCR |
| 801 | #1 | $a | RU |
| | $b | ГлавНИВЦ |
| | $c | 20170626 |
| | $2 | rusmarc |
| 801 | #2 | $a | RU |
| | $b | ПБ им. Б.Н. Ельцина |
| | $c | 20181224 |
| | $g | RCR |
| | $2 | rusmarc |
| 850 | ## | $a | РГИА |
| 852 | ## | $a | РГИА |
| | $e | Федеральное казенное учреждение "Российский государственный исторический архив" (РГИА) |
| | $j | 10729 |
| 937 | ## | $h | РГИА |
| | $d | 12246008 |
| | $a | ASBIBLIO_SCAN |
| 462 | #0 | $1 | 001dd3991dc-24e1-42ec-8838-ca4255420416 |
| | $1 | 2001 |
| | $a | Дирекция императорских театров (1746-1850 гг.) |
| | $1 | 251 |
| | $c | Опись |
| | $1 | 852 |
| | $j | 1 |
| 461 | #0 | $1 | 0019264ebf8-de62-4f1a-9eb4-9f22098dbbd5 |
| | $1 | 2001 |
| | $a | Дирекция императорских театров Министерства императорского двора |
| | $1 | 251 |
| | $c | Фонд |
| | $1 | 852 |
| | $j | 497 |
| 215 | ## | $a | 11 л. |
| | $d | 36,5х26 см |
| 371 | ## | $a | Документ не является опубликованным и широко распространяемым |
| 105 | ## | $a | y### |
| 122 | 2# | $a | d |
| 035 | ## | $a | af2f6a2c-8118-476d-8adc-0f34116dfd6a |
| 856 | ## | $u | http://readingroom.main.prlib.ru/item.aspx?id_node=n122284451&mode=full |